| 000 | 01876cam a22005054i 4500 | ||
|---|---|---|---|
| 003 | PE-LiUPU | ||
| 005 | 20250731172955.0 | ||
| 008 | 150623s r 000 0 d | ||
| 020 | _a8430113428 | ||
| 035 | _a(Sirsi) i9788430113422 | ||
| 040 |
_aPE-LiUPU _bspa _cPE-LiUPU _erda |
||
| 049 | _aPRUA | ||
| 082 | 0 | 4 |
_a296.193 _bM54 _221 |
| 245 | 0 | 3 |
_aLa misna / _ceditado por Carlos del valle. |
| 250 | _a2a | ||
| 264 | 1 |
_aSalamanca : _bEdiciones Sígueme, _c1997. |
|
| 300 |
_a1525 páginas ; _c22 centímetros |
||
| 336 |
_atext _2rdacontent |
||
| 337 |
_aunmediated _2rdamedia |
||
| 338 |
_avolume _2rdacarrier |
||
| 490 | 0 |
_aBiblioteca de Estudios Bíblicos ; _v98 |
|
| 505 | 0 | _aSemillas (zeraim). -Fiestas (moed). -Mujeres (nashim). -Daños (nesiqin). -Cosas sagradas (qodashim). -Purezas (tohorot). | |
| 526 | _aSEG42 | ||
| 526 | _aSEG41 | ||
| 526 | _aSEG40 | ||
| 526 | _aSEG39 | ||
| 526 | _aP94 | ||
| 526 | _aP87 | ||
| 526 | _aP86 | ||
| 526 | _aP85 | ||
| 526 | _aP77 | ||
| 526 | _aP76 | ||
| 526 | _aP35 | ||
| 650 | 0 | 4 | _aMisná. |
| 700 | 1 |
_aDel Valle, Carlos, _eed. |
|
| 942 |
_2ddc _cBOOK |
||
| 949 |
_a296.193 M54 _wDEWEY _c1 _i59242 _lCCODEBUL1 _mBUL _r0 _sY _tBOOK _u2015-6-24 _xTEOLOGIA _PP35 _0COMPRA _o.STAFF. Colección General |
||
| 949 |
_a296.193 M54 _wDEWEY _c2 _i45243 _lCCODEBUL1 _mBUL _r0 _sY _tBOOK _u2015-6-24 _xTEOLOGIA _PP35 _0COMPRA _o.STAFF. Colección General |
||
| 994 |
_aC0 _bPEPRU |
||
| 596 | _a1 | ||
| 999 |
_a296.193 M54 _wDEWEY _c22099 _i59242 _d22099 _e2019-5-20 _f2021-11-11 _g5 _lCCODEBUL1 _mBUL _n2 _q1 _r0 _sY _tBOOK _u2015-6-24 _xTEOLOGIA _PP35 _0COMPRA _o.STAFF. Colección General |
||
| 999 |
_a296.193 M54 _wDEWEY _c2 _i45243 _d2019-11-20 _f2021-11-11 _g5 _lCCODEBUL1 _mBUL _q7 _r0 _sY _tBOOK _u2015-6-24 _xTEOLOGIA _PP35 _0COMPRA _o.STAFF. Colección General |
||
| 980 |
_81 _gALBERTO SANCHEZ Responsable de Automatización |
||